[Event "Krynica zt"]
[Site "Krynica"]
[Date "1998.09.07"]
[Round "6"]
[White "Kaminski, Marcin"]
[Black "Horvath, Csaba"]
[Result "0-1"]
[WhiteElo "2530"]
[BlackElo "2540"]
[Annotator "Mueller,Karsten"]
[PlyCount "115"]
[EventDate "1998.09.02"]
[EventType "swiss"]
[EventRounds "9"]
[EventCountry "POL"]
[SourceTitle "CBM 067"]
[Source "ChessBase"]
[SourceDate "1998.11.30"]
[SourceVersion "2"]
[SourceVersionDate "1998.11.01"]
[SourceQuality "1"]

1. e4 d5 2. exd5 Qxd5 3. Nc3 Qa5 4. g3 Nf6 5. Bg2 g6 6. Nf3 (6. Nge2 $5 Bg7 7.
O-O O-O 8. d3 c6 9. h3 Nbd7 10. Bd2 Qc7 (10... Qd8 11. Qc1 Nb6 12. Bh6 $14 {
Moreno,A-Vilela,J/La Habana (m/3) 1997/[Becerra R.;Moreno,Ale] (17)}) 11. g4 a6
12. Ng3 b6 13. g5 Ne8 14. Qe2 Nd6 15. Bf4 e5 16. Be3 Bb7 17. f4 $36 {1-0
Becerra Rivero,J-Bruzon,L/La Habana 1997/Inf 69/[Becerra Rivero,J; Moreno,Ale]
(48)}) 6... Bg7 7. O-O O-O 8. d4 $6 (8. d3 Qh5 $1 9. Nd2 Bg4 10. f3 Bh3 11.
Bxh3 Qxh3 12. Nc4 Nc6 $11 {(Inf 67), =/+ (Wahls) Tiviakov,S-Ricardi,P/Buenos
Aires 1996/Inf 67 (12)}) (8. h3 $5) 8... Nc6 $1 9. d5 $6 Nb4 10. Nd4 Bg4 11.
Qe1 $6 (11. Qd2 Rad8 12. a3 (12. h3 $2 Bc8 13. a3 (13. Nb3 Qb6 14. a3 Nbxd5 $17
) 13... Nbxd5 14. Nxd5 Rxd5 $1 $17 {[%csl Gd4,Gh3]}) 12... Nbxd5 13. Nxd5 Rxd5
$5 {und mir gefällt die schwarze Stellung.} (13... Qxd2 14. Nxe7+ Kh8 15. Bxd2
Rxd4 16. Bb4 $13)) 11... Rad8 12. Bf4 (12. Nb3 Qa6 $1 $17) (12. Qxe7 $6 Rfe8
13. Nb3 Qb6 14. Qc5 Nxc2 $17) 12... Qb6 13. d6 $6 (13. Be5 $5 Nfxd5 (13...
Nbxd5 14. Na4) 14. a3 {ist jeweils nicht so klar besser für Schwarz.}) 13...
exd6 $17 ({selbst} 13... Qxd4 $6 14. dxe7 Nxc2 {ist laut Fritz5 -/+.}) 14. a3
Nbd5 15. Nxd5 Nxd5 16. Bxd5 Qxd4 17. Bxb7 Bh3 {bei den folgenden Abtäuschen
ist Schwarz nicht gut beraten, denn letztlich entsteht ein Turmendspiel, das -
wenn überhaupt - nur sehr schwierig zu gewinnen ist.} (17... Qxb2 $5) 18. Bg2
Bxg2 19. Kxg2 Qxb2 20. Qe4 Rfe8 21. Qf3 Qc3 22. Rab1 Qxf3+ 23. Kxf3 Bd4 24.
Rfd1 Bc5 25. a4 Rb8 26. Re1 Rxb1 27. Rxe8+ Kg7 28. Rc8 Bb6 29. Be3 Rb4 30. a5
Bxa5 31. Bd2 {Weiß wickelt zielstrebig ins Turmendspiel ab, weil ihm dies die
besten Remischancen versprechen dürfte.} Ra4 32. Bxa5 Rxa5 33. Rxc7 Kf6 34. h4
h6 35. Ke4 Re5+ 36. Kd3 a5 37. Ra7 g5 38. hxg5+ hxg5 39. f3 Rb5 40. c4 Rb3+ 41.
Ke4 Ra3 42. Ra6 Ke6 43. c5 $1 {[%mdl 4096] Weiß führt die aktive Verteidigung
zunächst vorbildlich bis ihm kurz vor Schluß die Puste ausgeht.} f5+ 44. Kd4
Rxf3 45. Rxd6+ Ke7 46. Ra6 Rxg3 47. Ke5 f4 48. Rxa5 Kd7 49. Kd5 Rd3+ 50. Kc4
Rg3 (50... Rd2 $6 51. c6+ Kxc6 52. Rxg5 $11) 51. Kd5 Kc7 52. Ra7+ Kb8 53. Rf7
Rd3+ 54. Ke4 (54. Kc6 $5 f3 55. Rf5 $1 g4 56. Rf8+ Ka7 57. Rf7+ Ka6 58. Rf4 $11
) 54... Re3+ 55. Kd4 Rb3 56. Rg7 Rg3 57. c6 (57. Kd5 f3 58. Rg8+ Ka7 59. c6 Kb6
60. Rb8+ Kc7 61. Rb7+ Kc8 62. Rf7 $11) 57... g4 (57... f3 58. Ke3 $1 (58. Kc5
$6 Rg1 (58... f2 59. Rf7 Rc3+ 60. Kb6 Rb3+ 61. Kc5 Rb2 62. Rf8+ Kc7 63. Rf7+
Kd8 64. c7+ Kc8 65. Kc6 Rc2+ 66. Kb6 $11) (58... Rg2 59. Rg8+ Kc7 60. Rg7+ Kd8
61. c7+ Kc8 62. Kc6 Rc2+ 63. Kb6 f2 64. Rf7 g4 65. Rf8+ Kd7 66. Rf7+ Kd6 67.
Rf6+ $11) 59. Rf7 g4 60. Rf8+ Kc7 61. Rf7+ Kd8 62. c7+ Kc8 63. Kc6 Rc1+ 64. Kb6
Rc2 65. Rf8+ (65. Rf4 Rxc7 66. Rxg4 f2 67. Rf4 Rc2 68. Rf7 $8 Kd8 69. Kb5 Ke8
70. Rf3 $8 $11) 65... Kd7 66. Rf7+ Kd6 67. Rf6+ Kd5 (67... Ke5 68. Rc6 $11) 68.
Kb7 $11) 58... g4 59. Kf2 Rg2+ 60. Kf1 g3 61. Rf7 Rf2+ 62. Kg1 $11) 58. Ke5 $2
(58. Ke5 $2 f3 59. Rb7+ (59. Kd6 f2 60. Rg8+ (60. Rf7 Rd3+ 61. Kc5 Rf3 $19) (
60. c7+ Kb7 $19) 60... Ka7 61. Rg7+ Ka6 62. c7 Kb7 $19) 59... Kc8 (59... Ka8 $2
60. Rb2 Rg1 (60... Rg2 $2 61. c7 Rxb2 62. c8=Q+ Ka7 63. Qxg4 $18) 61. c7 Rc1
62. Kf4 $11) 60. Rf7 Rg1 $1 61. Kd6 Rd1+ 62. Kc5 g3 63. Rf8+ Kc7 64. Rf7+ Kd8
65. c7+ (65. Rf8+ Ke7 66. Rxf3 g2 $19) 65... Kc8 66. Kc6 Rc1+ 67. Kb6 g2 $19) (
58. Kc5 $1 Rc3+ 59. Kb6 Rb3+ 60. Kc5 g3 61. Rg8+ Kc7 (61... Ka7 62. c7 Rc3+ 63.
Kd6 f3 64. Rxg3 Kb7 65. Rg8 Rxc7 66. Rf8 $11) 62. Rg7+ Kd8 63. c7+ Kc8 64. Kc6
Rc3+ 65. Kb6 $11) 0-1

[Event "Buenos Aires zt 2.5"]
[Site "Buenos Aires"]
[Date "2000.??.??"]
[Round "4"]
[White "Zarnicki, Pablo Adrian"]
[Black "Fiorito, Fabian"]
[Result "0-1"]
[WhiteElo "2488"]
[BlackElo "2418"]
[Annotator "Mueller,Karsten"]
[PlyCount "44"]
[EventDate "2000.07.26"]
[EventType "swiss"]
[EventRounds "9"]
[EventCountry "ARG"]
[SourceTitle "CBM 079"]
[Source "ChessBase"]
[SourceDate "2000.11.21"]
[SourceVersion "1"]
[SourceVersionDate "2000.11.21"]
[SourceQuality "1"]

1. e4 d5 2. exd5 Nf6 3. c4 e6 4. dxe6 Bxe6 5. d4 Bb4+ 6. Bd2 Qe7 ({Manchmal
wird die Partiestellung nach dem 8.Zug über die Zugfolge} 6... Bxd2+ 7. Qxd2
Qe7 {einen Zug früher erreicht.}) 7. Bxb4 Qxb4+ 8. Qd2 Qe7 (8... Nc6 {0-1
Kuijf,M-Hodgson,J/Wijk 1989/CBM 12 (21)}) 9. Qe3 Nc6 10. Nf3 (10. Be2 $5 {
0-1 Vokarev,S-Sergienko,S/Smolensk RUS 2000/The Week in Chess 286 (55)}) 10...
Ng4 $1 $36 {[%mdl 8]} (10... O-O-O 11. Be2 Rhe8 12. d5 Nb4 13. O-O Bxd5 14.
cxd5 Qxe3 15. fxe3 Nc2 16. Nc3 Nxa1 17. Rxa1 Nxd5 18. Nxd5 Rxd5 $11 {ist John
Emms Hauptvariante in "The Scandinavian" (The Chess Press 1997, Partie 81, S.
139).}) 11. Qe2 $2 (11. Qg5 Qxg5 (11... f6 $5) 12. Nxg5 Nxd4 13. Nxe6 Nxe6 $15)
(11. Qe4 O-O-O 12. Be2 Qf6 $36) 11... O-O-O 12. h3 (12. d5 $2 Rhe8 13. Nc3 (13.
dxe6 Qb4+ 14. Nc3 Rxe6 $19) 13... Bxd5 14. O-O-O (14. cxd5 Qb4 $19) (14. Qxe7
Rxe7+ 15. Be2 Bxc4 $19) 14... Bxf3 15. Qxf3 (15. Qxe7 Rxe7 16. gxf3 Nxf2 17.
Rxd8+ Kxd8 18. Rg1 Nd4 $19) 15... Qg5+ 16. Kb1 Rxd1+ 17. Nxd1 Re1 $19) 12...
Rhe8 13. hxg4 $2 (13. Nc3 {war von Nöten, auch wenn Schwarz nach} Bxc4 14. Qxe7
Rxe7+ 15. Be2 Bxe2 16. Nxe2 Rde8 {klar besser steht.}) 13... Qb4+ $19 14. Qd2 (
14. Nbd2 Bxc4 $19) 14... Bxg4+ 15. Be2 (15. Kd1 Rxd4 16. Bd3 Bxf3+ 17. gxf3 Qd6
$19) 15... Rxe2+ $1 {[%mdl 512] Fiorito führt den Angriff sehr energisch. Der
weiße König kommt nicht mehr zur Ruhe:} 16. Kxe2 Nxd4+ 17. Kf1 (17. Ke3 Qe7+
18. Kf4 Bxf3 19. gxf3 Ne6+ 20. Kg3 Rxd2 21. Nxd2 Qg5+ $19) 17... Qxc4+ 18. Kg1
Nxf3+ 19. gxf3 Bxf3 20. Rh3 Qg4+ 21. Rg3 Qh5 22. Rxf3 Qxf3 $1 {ist viel
stärker als} (22... Rxd2 23. Nxd2 Qg5+ 24. Rg3 Qxd2 $17) (22... Qxf3 23. Qe1
Rd1 24. Nc3 Rxe1+ 25. Rxe1 h5 $19) 0-1

[Event "Villa Martelli Masters KO"]
[Site "Villa Martelli"]
[Date "2002.04.13"]
[Round "1.2"]
[White "Rodriguez Vila, Andres"]
[Black "Giaccio, Alfredo Gustavo"]
[Result "1-0"]
[WhiteElo "2460"]
[BlackElo "2517"]
[Annotator "Mueller,Karsten"]
[PlyCount "51"]
[EventDate "2002.04.12"]
[EventType "k.o."]
[EventRounds "3"]
[EventCountry "ARG"]
[SourceTitle "CBM 089"]
[Source "ChessBase"]
[SourceDate "2002.08.12"]
[SourceVersion "1"]
[SourceVersionDate "2002.08.12"]
[SourceQuality "1"]

1. e4 d5 2. exd5 Qxd5 3. Nc3 Qd6 4. Bc4 Nf6 5. Nge2 a6 6. d4 Qc6 $5 {Schwarz
nimmt das Bauernopfer trotz seines Entwicklungsrückstandes mutig an.} 7. Bb3
Qxg2 8. Rg1 Qxh2 ({Die sofortige Rückführung der Dame mittels} 8... Qh3 9. Bf4
Qd7 {wird auch häufiger gespielt, z.B.} 10. Qd3 Nc6 11. a3 Na5 12. Ba2 b5 13.
O-O-O Bb7 14. b4 $44 {(M.Melts), Stevic-Lonkar, Pula 1997.}) (8... Qf3 9. Bf4
b5 (9... c6 $6 10. Qd2 Nh5 $2 {das geht nun wirklich zu weit. So darf man die
Entwicklung nicht vernachlässigen!} 11. O-O-O Nxf4 $6 12. Nxf4 g5 (12... e6 13.
Rg3 $18) 13. Nd3 f6 14. Kb1 Nd7 15. Rde1 Kd8 16. Ne4 Qh3 17. Ndc5 $16 {1-0
Jurkiewicz,K-Dacalor,A/Patras GRE 1999 (29)}) 10. Bxc7 Bb7 11. Qd2 Nbd7 12.
O-O-O Rc8 13. Bg3 b4 14. Na4 Bd5 15. Nc5 Bxb3 16. axb3 Nd5 $13 {0-1 Feletar,
D-Kurajica,B/Pula 1999/CBM 70 ext (52). (52)}) 9. Bf4 Qh5 (9... Qh3 10. Bxc7
Bg4 $6 (10... g6 {und}) (10... Nc6 {kommen stark in Betracht.}) 11. Qd2 Nbd7
12. O-O-O Rc8 13. Bg3 Qh5 14. Rde1 Bxe2 $6 15. Rxe2 e6 $6 {gibt Weiß einen
direkten Aufrollpunkt.} ({Allerdings sieht auch} 15... g6 16. Rge1 {sehr
gefährlich für Schwarz aus, z.B.} Qf5 17. Kb1 h5 18. Ne4 Nxe4 19. Rxe4) 16. d5
Nc5 17. dxe6 $40 {1-0 Honfi,K-Neurohr,S/St. Ingbert op 1990/EXT 90op (23)}) 10.
Bxc7 (10. Qd2 g6 (10... Nc6 $5) 11. O-O-O Qa5 12. Kb1 Nc6 $2 {zu provokativ.}
13. d5 Nd8 14. Be5 Bg7 15. Ng3 $36 {1-0 Lindfeldt,J-Drenchev,P/Golden Sands
BUL 2000/The Week in Chess 305 (43).}) 10... Bg4 11. Qd3 (11. Qd2 $5) 11...
Nbd7 ({Das aktivere} 11... Nc6 $5 {ist eine Empfehlung von Michael Melts aus
Scandinavian Defense, The Dynamic 3...Qd6, das 2001 erschienen ist und in dem
die Theorie sehr gut dargestellt wird.} 12. Qe3 (12. O-O-O Rc8 13. Bb6 e6 $15 {
(M.Melts)}) 12... Bxe2 (12... e6 $2 13. d5 $40) 13. Nxe2 Nd5 14. Bxd5 Qxd5 $15)
12. O-O-O Rc8 13. Bf4 e6 $6 (13... Qf5 {macht einen sehr interessanten
Eindruck, z.B.} 14. Qe3 Bxe2 15. Nxe2 Nd5 16. Qd2 (16. Bxd5 $4 Qxc2#) 16...
Nxf4 17. Nxf4 e6) 14. f3 $5 {Weiß steckt einen weiteren Bauern ins Geschäft,
um seinen Angriff anzuheizen.} Bxf3 15. Rg5 Bxe2 16. Nxe2 Qh4 (16... Qh6 $2 17.
Rc5 $16 {denn auf} Nxc5 $2 {folgt} 18. dxc5 Qg6 $2 19. Ba4+ b5 20. cxb6+ Ke7
21. Qd6#) 17. Qf3 $1 Bd6 18. Rxg7 Bxf4+ $6 (18... Qh5 $5) 19. Nxf4 Qh6 (19...
Rg8 20. Rxg8+ Nxg8 21. Rf1 Ne7 22. Qxb7 $16) 20. Rdg1 Kf8 $2 (20... Rf8 21. Kb1
Rc6 22. d5 $40) (20... Nh5 21. Qxh5 Qxf4+ 22. Kb1 Nf8 23. d5 Rc5 24. Qh1 $40) {
[%tqu "En","How to shatter Black's defence?","","","b3e6","",6,"De","Kann die
schwarze Verteidigung durchbrochen werden?","","","b3e6","",6]} 21. Bxe6 $1 {
[%mdl 128]} fxe6 22. Kb1 (22. Qe3 {gewinnt ebenfalls:} Ng4 23. Qa3+ $18) 22...
Ke8 23. Qa3 Ng8 (23... Nc5 24. Nd3 Qe3 25. dxc5 $18) 24. Qd6 Nf8 {[%tqu "En",
"White to move and win","","","f4d5","",4,"De","Weiß zieht und gewinnt.","","",
"f4d5","",4]} 25. Nd5 $3 Qh4 (25... exd5 26. Re1+ Ne6 27. Qd7+ Kf8 28. Qf7#)
26. Rf1 (26. Rf1 Ng6 (26... Nh6 27. Re7+ Qxe7 28. Qxe7#) 27. Qd7#) 1-0

[Event "Tel Aviv int"]
[Site "Tel Aviv"]
[Date "2000.03.29"]
[Round "9"]
[White "Jonkman, Harmen"]
[Black "De Vreugt, Dennis"]
[Result "1-0"]
[WhiteElo "2446"]
[BlackElo "2498"]
[Annotator "Mueller,Karsten"]
[PlyCount "41"]
[EventDate "2000.03.??"]
[EventType "tourn"]
[EventRounds "9"]
[EventCountry "ISR"]
[EventCategory "9"]
[SourceTitle "CBM 077"]
[Source "ChessBase"]
[SourceDate "2000.07.27"]
[SourceVersion "1"]
[SourceVersionDate "2000.07.27"]
[SourceQuality "1"]

1. e4 d5 2. exd5 Qxd5 3. Nc3 Qa5 4. d4 Nf6 5. Bc4 Bf5 6. Nf3 c6 7. Bd2 e6 8.
Nd5 Qd8 9. Nxf6+ Qxf6 10. Qe2 Bxc2 $6 {dieser Bauernraub spielt mit dem Feuer.}
(10... Nd7 $5 {gilt als sicherer z.B.} 11. d5 cxd5 12. Bxd5 Be7 $11 {1/2-1/2
Nataf,I-Waitzkin,J/Bermuda 1999 (25)}) (10... Bg4 11. O-O-O Nd7 12. d5 Bxf3 13.
gxf3 cxd5 14. Bxd5 O-O-O (14... Ba3 $2 15. c3 O-O 16. Be4 $1 $14 {/+/- 1-0
Shirov,A-Salov,V/Madrid 1997/CBM 59/[Shirov] (29)}) 15. Be4 Bd6 16. Be3 Nb6 $11
{/+/= (Wahls) 1-0 Bonnet,E-Bjarnason,O/Cannes FRA 2000 (52)}) 11. O-O $5 (11.
d5 Qxb2 12. O-O $44 {(Donev in CBM 59)}) (11. Bc3 $5 {(Finkel in CBM 59)})
11... Bd6 $6 12. d5 cxd5 13. Bxd5 Nc6 $2 (13... Nd7 {und}) (13... Qe7 {kommen
als Kandidaten in Frage. Allerdings sehen beide nicht besonders
vertrauenerweckend aus.}) 14. Bxc6+ $18 bxc6 15. Qc4 Qxb2 16. Rac1 (16. Qxc6+ {
ist sogar noch stärker:} Ke7 17. Bg5+ f6 18. Bc1 Qxa1 (18... Qb4 19. Qxc2 $18)
(18... Ba4 19. Qxa8 $18) 19. Qb7+ $18) 16... Bg6 17. Qxc6+ Ke7 18. Rfd1 Rhd8 (
18... Rad8 19. Ba5 Rd7 20. Bc7 $1 $18) 19. Ba5 f6 $6 (19... Rac8 20. Bxd8+ Rxd8
21. Nd4 $18) 20. Nd4 $1 Rdc8 $6 (20... Be8 21. Bxd8+ Rxd8 22. Qc4 $18) (20...
e5 21. Bc7 Bxc7 22. Qxc7+ Ke8 23. Qc6+ Ke7 24. Qc5+ Kf7 (24... Ke8 25. Ne6 $18)
25. Qc4+ $18) 21. Qxd6+ {[%mdl 128]} (21. Qxd6+ Kxd6 22. Nc6+ Bd3 23. Rxd3+ Qd4
24. Rxd4#) 1-0

[Event "RUS-chT 05th"]
[Site "Maikop"]
[Date "1998.06.04"]
[Round "2"]
[White "Petrushin, Alexander I"]
[Black "Vlassov, Nikolai"]
[Result "0-1"]
[WhiteElo "2425"]
[BlackElo "2440"]
[Annotator "Mueller,Karsten"]
[PlyCount "82"]
[EventDate "1998.06.03"]
[EventType "team-tourn"]
[EventRounds "11"]
[EventCountry "RUS"]
[SourceTitle "CBM 066"]
[Source "ChessBase"]
[SourceDate "1998.09.30"]
[SourceVersion "1"]
[SourceVersionDate "1998.09.30"]
[SourceQuality "1"]
[WhiteTeam "Cherepovets Severstal"]
[BlackTeam "Moscow Apiko-Yakimanka"]
[WhiteTeamCountry "RUS"]
[BlackTeamCountry "RUS"]

1. e4 d5 2. exd5 Nf6 3. Bb5+ Bd7 4. Be2 Nxd5 5. d4 Bf5 6. Nf3 e6 7. O-O Be7 8.
a4 $146 {oder geschah an dieser Stelle a3 (Notationsfehler) ?} (8. a3 O-O 9. c4
Nb6 (9... Nf6 10. Nc3 Ne4 11. Qb3 Nxc3 12. bxc3 $14 {Sermek,D-Liardet,F/Cannes
op18th 1997/EXP 57/1-0 (53)}) 10. Nc3 (10. Qb3 c5 11. Rd1 Qc7 12. Nc3 a6 13.
Be3 N8d7 14. a4 $14 {1-0 Fogarasi,T-Palkovi,J/Budapest Elekes 1996/EXP 52 (43)}
) 10... Bf6 {die folgenden Analysen stammen von A.Hait aus Informator 70:} (
10... c5 11. dxc5 Bxc5 12. b4 Be7 13. Qb3 Nc6 14. Be3 $14 {1/2-1/2 Tseshkovsky,
V-Saulin,D/RUS-ch Elista 1995/CBM 50 (34)}) (10... Nc6 11. Be3 Bg4 (11... Bf6
12. b3 Qe7 13. c5 Nd5 14. Nxd5 exd5 15. b4 a6 $11 {1/2-1/2 Svidler,P-Terekhin,
A/St.Petersburg op 1994/CBM 41 (37)}) 12. b3 Bf6 13. Ne4 Bxf3 14. Nxf6+ Qxf6
15. Bxf3 Rfd8 16. Bxc6 bxc6 17. Qg4 {1/2-1/2 Bronstein,D-Gipslis,A/Tallinn
1975/MCD-r7}) 11. h3 Nc6 12. Be3 Qd7 13. b4 Rad8 14. Qb3 $1 Nxd4 15. Bxd4 Bxd4
16. Rad1 e5 17. Nb5 Qe7 18. Rfe1 $5 (18. c5 Nd5 19. Nbxd4 exd4 20. Nxd4 Be4 21.
Rfe1 Qf6 $11) 18... Qf6 (18... c5 19. Bf1 Qf6 (19... Be6 20. Nxe5 Bxe5 21. Rxd8
Rxd8 22. Rxe5 a6 23. Nc3 cxb4 24. axb4 Rd4 25. Nd5 Qd8 26. Rxe6 fxe6 27. Qe3
Rxd5 28. Qxe6+ Kh8 29. cxd5 Nxd5 30. Qe4 Qd7 31. Qe5 $14) 20. Nbxd4 cxd4 (20...
exd4 21. bxc5 Nd7 22. Qxb7 Nxc5 23. Qe7 $1) 21. Rxe5 $14 {Hait,A-Ulko,J/Moscow
(rapid) 1997/Inf 70/[Hait,A]}) 19. Nxc7 Be4 20. Nb5 Bc6 $6 (20... a6 $1 21. Nc3
Bc6 22. c5 Nd5 $11) 21. c5 Bxb5 22. Bxb5 Nd5 23. Bc4 $1 Nf4 24. Nxd4 Rxd4 25.
Rxd4 exd4 26. Qf3 $16 {Hait,A-Rasskazov/Moscow 1997/Inf 70/[Hait,A]}) (8. c4
Nb4 (8... Nf6 9. Qb3 Qc8 10. Nc3 O-O 11. h3 Nbd7 12. Nh4 Bg6 13. Nxg6 hxg6 14.
Bf3 $14 {1-0 Murrey,J-Chevaldonnet,F/FRA-chT 1994/TD 94\03 (29)}) 9. Na3 (9.
Ne1 c5 $5 10. Bf3 N8c6 11. a3 Na6 $11 {Gizynski,T-Dejkalo,S/Porabka 1987/EXT
87/0-1 (49)}) 9... O-O (9... N8c6 10. Be3 O-O 11. Qb3 a5 12. Rfd1 Bf6 13. Rd2
a4 14. Qd1 $14 {1-0 Honfi,K-Dely,P/HUN-ch 1973/MCD-ch (26)}) 10. Be3 (10. Bf4
N8c6 11. Nb5 Rc8 12. a3 a6 13. d5 axb5 14. dxc6 Nd3 15. cxb7 Rb8 16. Bxd3 Bxd3
17. Ne5 Bxf1 18. Qxf1 Qe8 19. cxb5 $11 {Kupreichik,V-Gipslis,A/Norresundby op
1993/EXT 93op/1-0 (59)}) 10... Nd7 (10... c6 11. Qd2 Nd7 12. Ne1 e5 13. Nac2
Nxc2 14. Nxc2 Bxc2 15. Qxc2 exd4 16. Bxd4 Bf6 17. Rfd1 Qe7 18. Be3 Nc5 {
1/2-1/2 Wittmann,W-Haas,G/Manila olm 1992/TD 92\02}) (10... a5 11. Qd2 Nd7 12.
Rfd1 Nf6 13. Ne5 Qc8 14. g4 Bg6 15. Bf3 $14 {1-0 Stefansson,H-Gipslis,A/WchT
Luzern 1993/CBM 38 (37)}) 11. Qd2 Nf6 $11 {Landa,K-Prokopchuk,E/RUS-Cup6 1997/
CBM 59/[Mueller,Ka]/1/2-1/2 (58)}) 8... O-O 9. c4 Nb6 (9... Nb4 $5 {sieht
natürlicher aus.}) 10. Nc3 (10. a5 {halte ich für konsequenter. Allerdings ist
nach} N6d7 11. Qb3 Nc6 $5 12. Qxb7 $6 {wegen} Nxd4 $1 13. Nxd4 Nc5 {nicht zu
empfehlen.}) 10... Bf6 11. h3 Nc6 12. Be3 (12. a5 $5) 12... Qd7 13. b4 (13. a5
$5) 13... Rfd8 (13... Nxb4 14. a5 Nc8 15. Qb3 Nc2 16. Rad1 Nxe3 17. fxe3 $15)
14. Ra2 {falls der a-Bauer im 8.Zug nur nach a3 gezogen ist, so wäre nun (fast,
denn dort ging der Damenturm nach d8) die Stellung aus oben zitierter Partie A.
Hait-J.Ulko entstanden.} (14. Qb3 {ist auch hier nicht uninteressant:} a5 (
14... Nxd4 15. Bxd4 Bxd4 16. Rad1 e5 17. Nb5 $13) (14... Qe7 15. g4 Bg6 16. c5
Nd5 17. b5 $13 (17. g5 $2 Bxd4 $1 18. Bxd4 Nxd4 19. Nxd4 Nf4 $1 $19)) 15. b5
Nxd4 16. Bxd4 Bxd4 17. Rad1 e5 18. c5 Be6 (18... Nd5 $2 19. Nxe5 Bxe5 20. Nxd5
$16) 19. Qc2 Bf5 (19... Nd5 20. Nxd4 exd4 (20... Nxc3 $2 21. c6 $1 bxc6 22.
Nxc6 Nxd1 23. Rxd1 $16) 21. Rxd4 $14) 20. Qb3 $11) 14... Nxd4 (14... Nxb4 {
wäre im Fall von 8.a3 natürlich nicht möglich und ist neben der Tatsache, daß
Weiß mehrfach nicht a5 gespielt hat, der Grund, weshalb ich vermute, daß ein
Notationsfehler vorliegt.}) 15. Bxd4 Bxd4 16. Rd2 e5 17. Nb5 (17. Nxe5 Bxf2+ (
17... Qe7 $4 18. Rxd4 $18) (17... Bxe5 18. Rxd7 Rxd7 19. Qc1 $13) 18. Rxf2 Qxd2
19. Qxd2 Rxd2 20. Rxf5 Re8 $1 $132) 17... Be6 18. Nbxd4 exd4 19. Rxd4 Qe7 20.
Qb3 Bxh3 {der Beginn einer Kombination, die weit vorausberechnet werden mußte.}
(20... c5 $5) 21. gxh3 Qxe2 22. Re1 $6 {der Tausch der beiden Türme gegen die
Dame ist ein äußerst fragwürdiges Unternehmen.} (22. c5 {war vorzuziehen:} Nxa4
(22... Rxd4 23. Nxd4 Qc4 24. cxb6 Qxd4 25. bxc7 $13) 23. Rf4 Qe6 24. Qxa4 Qxh3
25. Re1 $13) 22... Qxe1+ 23. Nxe1 Rxd4 24. c5 Nc4 25. Nc2 Rd1+ 26. Kg2 Ne5 27.
Qe3 Ng6 28. Qe4 c6 29. Ne3 Rdd8 (29... Rd7 {gefällt mir besser.}) 30. Nf5 Re8
31. Qd4 Re5 32. Nd6 (32. Nxg7 $2 Kxg7 33. f4 Nxf4+ 34. Qxf4 Rae8 $19) 32... Rd5
$2 (32... Rd8 $17) 33. Qg4 $1 $132 Rd8 (33... Ne5 34. Qf5 {mit der Idee f4} Rf8
35. Nxb7 $132) 34. Nxb7 Re8 35. b5 $1 h5 36. Qc4 cxb5 37. Qxb5 $2 (37. axb5 $1
{wäre im Fall von 8.a3 natürlich nicht möglich...} Rd2 (37... Rg5+ 38. Kf1 Rge5
39. c6 $132) 38. Nd6 Re6 39. h4 $13) (37. Qxd5 $4 Nf4+ $19) 37... Re1 38. Nd6 (
38. Kh2 $2 Nh4 39. Qc4 Nf3+ 40. Kg3 Rf5 $19) 38... Nf4+ 39. Kg3 $2 {danach
zappelt der weiße Monarch in einem Mattnetz.} (39. Kf3 {bot mehr Widerstand, z.
B.} Ne6 (39... g5 $6 40. Nc4 $1 Nxh3 (40... Rh1 $2 41. Qe8+ Kg7 42. Ne5 $16)
41. Ne3 {ist nicht so klar.}) 40. Qb4 Ree5 $17) 39... g5 $1 40. Qb8+ Kg7 41.
Qb2+ Kg6 (41... Kg6 42. Qc2+ Rd3+ 43. f3 Rh1 $19) 0-1

[Event "Vidmar Memorial 15th"]
[Site "Terme Zrece"]
[Date "2003.08.20"]
[Round "3"]
[White "Lenic, Luka"]
[Black "Sermek, Drazen"]
[Result "0-1"]
[WhiteElo "2386"]
[BlackElo "2577"]
[Annotator "Mueller,Karsten"]
[PlyCount "116"]
[EventDate "2003.08.17"]
[EventType "tourn"]
[EventRounds "9"]
[EventCountry "SLO"]
[EventCategory "12"]
[SourceTitle "CBM 097"]
[Source "ChessBase"]
[SourceDate "2003.11.11"]
[SourceVersion "1"]
[SourceVersionDate "2003.11.11"]
[SourceQuality "1"]

1. e4 d5 2. exd5 Qxd5 3. Nf3 Nf6 4. d4 Bg4 5. Be2 e6 6. h3 Bh5 7. O-O Be7 8. c4
Qd8 9. Qb3 Qc8 10. Be3 Nbd7 11. Nc3 O-O 12. Rfd1 (12. Rad1 a6 13. Qc2 c5 14. d5
exd5 15. Nxd5 Nxd5 16. Rxd5 Nf6 17. Rd2 Qc7 $11 {1/2-1/2 Rowson,J-Martin,A/
Southend 2002/CBM 89 (35)}) 12... Re8 (12... a6 13. d5 exd5 14. Nxd5 Nxd5 15.
cxd5 Bd6 16. Rac1 Re8 17. Nd4 Nc5 18. Qc4 Bxe2 19. Qxe2 Ne4 20. Qf3 $11 {
/+/= 1-0 Kaidanov,G-Dzindzichashvili,R/Parsippany 1996/CBM 55 (42)}) 13. Rac1
h6 (13... a6 14. g4 Bg6 15. Ne5 $6 (15. Nh4 $14) 15... Nxe5 16. dxe5 Nd7 17.
Bf3 Rb8 $15 {0-1 Mikuev,E-Erendzhenov,S/Elista 1999/EXT 2000 (49). (49)}) 14.
a3 Bg6 15. Bf4 c6 16. Ne5 Nxe5 17. Bxe5 Nd7 18. Bf4 Bg5 19. Bxg5 hxg5 20. Bd3
Bxd3 21. Rxd3 e5 22. Qd1 exd4 23. Rxd4 Nf6 24. Qd2 Qf5 25. Re1 $6 {Spielt Weiß
auf Remis?} (25. Rd1 $11) 25... Rxe1+ 26. Qxe1 Re8 {langsam aber sicher
übernimmt Schwarz die Initiative.} 27. Qd1 Kh7 28. Qd3 Re1+ 29. Kh2 g6 30. Qxf5
gxf5 31. g3 Rc1 32. Rd2 Kg7 33. Kg2 Ne4 34. Nxe4 fxe4 35. Rd4 Rc2 36. Rxe4 Rxb2
37. Re7 Kf6 38. Rc7 a5 $5 {Sermek spielt sehr geschickt} 39. Kf3 a4 40. h4 gxh4
41. gxh4 Rb3+ 42. Kf4 Rc3 43. Rxb7 Rxc4+ 44. Ke3 Rc3+ 45. Kd4 Rxa3 46. Rb6 Rf3
47. Rxc6+ Kf5 48. Ra6 Kg4 49. Ke5 Rf5+ {[%mdl 4096]} 50. Ke4 (50. Kd4 $5 Rxf2
51. h5 Kxh5 (51... Rf4+ 52. Ke3 Kg5 53. h6 Rh4 54. h7 a3 55. Rxa3 $11) 52. Ke3
Ra2 53. Rf6 a3 54. Rxf7 Ra1 55. Ra7 a2 56. Kf2 Kg4 (56... Rh1 $4 57. Rh7+ $18)
57. Kg2 $11) 50... Rxf2 51. h5 (51. Ke3 Rf3+ 52. Ke2 Rf4 53. Ke3 Rb4 54. Rf6 a3
55. Rxf7 Ra4 56. Rf1 a2 57. Ra1 $11) 51... f5+ 52. Ke3 Ra2 53. Rg6+ $2 (53. h6
f4+ 54. Ke4 Re2+ 55. Kd3 Re3+ 56. Kd2 (56. Kd4 Kf5 (56... a3 57. h7 Rh3 58. Ke4
(58. Rxa3 $2 Rxh7 $19) 58... Rxh7 59. Rg6+ Kh5 60. Rg1 Rf7 61. Kf3 $11) 57. h7
Rh3 58. Ra7 $11 (58. Rxa4 $2 Rxh7 59. Kd3 Rh2 $19)) 56... Rh3 57. Ke2 Rh2+ 58.
Kf1 Kg3 59. Rg6+ Kf3 60. Kg1 Rh5 61. Ra6 $11) 53... Kxh5 54. Rg8 a3 55. Kf4
Rf2+ 56. Ke3 Rf1 57. Ra8 Ra1 58. Kf2 (58. Kf3 a2 59. Kg2 f4 60. Kf2 Kg6 61. Kg2
f3+ 62. Kf2 Rh1 $19) 58... Kg4 0-1